|
|
|
|
| LEADER |
00000nam2a2200000 4500 |
| 001 |
50910 |
| 005 |
20231031033855.0 |
| 035 |
|
|
|a (RuTPU)RU\TPU\book\53298
|
| 090 |
|
|
|a 50910
|
| 100 |
|
|
|a 20030422d2002 k y0rusy50 ca
|
| 101 |
0 |
|
|a rus
|
| 102 |
|
|
|a RU
|
| 105 |
|
|
|a a z 001zy
|
| 200 |
0 |
|
|a Вып. 12
|
| 210 |
|
|
|d 2002
|
| 215 |
|
|
|a 311 с.
|c ил.
|
| 320 |
|
|
|a Библиогр. в конце глав.
|
| 461 |
|
1 |
|0 (RuTPU)RU\TPU\book\54785
|t Геология угольных месторождений
|o межвузовский научный тематический сборник
|f Уральская государственная горно-геологическая академия; под ред. В. П. Алексеева
|v Вып. 12
|d 2000-
|
| 606 |
1 |
|
|a Угольные месторождения
|x Геология
|2 stltpush
|3 (RuTPU)RU\TPU\subj\62689
|
| 610 |
1 |
|
|a горючие сланцы
|
| 610 |
1 |
|
|a торф
|
| 610 |
1 |
|
|a горючие полезные ископаемые
|
| 610 |
1 |
|
|a угольные бассейны
|
| 610 |
1 |
|
|a нефть
|
| 610 |
1 |
|
|a Восточно-Европейская платформа
|
| 610 |
1 |
|
|a Енисейский кряж
|
| 610 |
1 |
|
|a Западно-Сибирская низменность
|
| 610 |
1 |
|
|a Уральская складчатая область
|
| 610 |
1 |
|
|a Печорский бассейн
|
| 610 |
1 |
|
|a Русская плита
|
| 610 |
1 |
|
|a Чексиннское месторождение
|
| 610 |
1 |
|
|a Кузбасс
|
| 610 |
1 |
|
|a угольные ресурсы
|
| 610 |
1 |
|
|a запасы
|
| 610 |
1 |
|
|a разработка
|
| 610 |
1 |
|
|a окружающая среда
|
| 610 |
1 |
|
|a охрана
|
| 610 |
1 |
|
|a угленосные бассейны
|
| 675 |
|
|
|a 553.94
|v 3
|
| 801 |
|
1 |
|a RU
|b 63413507
|c 20030422
|g PSBO
|
| 801 |
|
2 |
|a RU
|b 63413507
|c 20150917
|g PSBO
|
| 942 |
|
|
|c BK
|